The electromagnetics problem solver

Gorde:
Xehetasun bibliografikoak
Egile nagusia: Fogiel, Max (Egilea)
Erakunde egilea: Research and Education Association, Estados Unidos (Egilea)
Formatua: Liburua
Hizkuntza:ingelesa
Argitaratua: Nueva York Research and Education Association 1983
Gaiak:
Etiketak: Etiketa erantsi
Etiketarik gabe, Izan zaitez lehena erregistro honi etiketa jartzen!

MARC

LEADER 00000nam a2200000 a 4500
001 UCV6160
003 CL-VaPUC
008 890613e19830000US |||||||||||||||||eng|d
082 0 4 |a 537.9  |b FOG  |2 21 
100 0 |a Fogiel, Max  |e author  |9 300402 
110 2 |a Research and Education Association, Estados Unidos  |e author  |9 300403 
245 1 4 |a The electromagnetics problem solver 
300 |a 946 p 
942 |c BK 
945 |d 19890613 00:00:00 
260 |a Nueva York  |b Research and Education Association  |c 1983 
650 0 |a Electromagnetismo   |9 260123 
650 0 |a Problemas, ejercicios, etc  |9 259377 
583 |a last modification  |c 19890613 00:00:00  |k Rodrigo Vera 
999 |c 212376  |d 212374